01613 a2200289 4500003000500000005001700005010001600022020001500038040000900053082001400062100003000076245009000106250001200196260004000208300002800248440006900276505043600345650001900781650002900800650004500829856008500874856007300959942002301032999001901055952012301074952012601197NUST20221122175135.0 a 00034881 a0070474281 cNust00a519.2,PEE1 aPeebles, Peyton Z.93457610aProbability, random variables, and random signal principles /cPeyton Z. Peebles, Jr. a4th ed. aNew York, NY :bMcGraw Hill,c2001. axviii, 462 p. :c25 cm. 0aMcGraw-Hill series in electrical and computer engineering934577 aProbability (Page-1), The Random Variable (Page-41), Operations on one Random Variable Expectation (Page-77), Multiple Random Variable (Page-107), Operation on Multiple Random Variables (Page-141), Random Process Temporal Characteristics (Page-179), Random Process Spectral Characteristic (Page-220), Linear System with Random Input (Page-270), Optimum Linear System (Page-356), Some Practical Application of the Theory (Page-377). 0aProbabilities. 0aRandom variables.925882 0aSignal theory (Telecommunication)934578423Publisher descriptionuhttp://www.loc.gov/catdir/description/mh021/00034881.html423Table of contentsuhttp://www.loc.gov/catdir/toc/mh021/00034881.html cBK2ddck519.2,PEE c189025d189025 00102ddc4070aMCSbMCScGENd2016-12-12o519.2,PEEpMCS34801r2016-12-08w2016-12-12yBKzAlmirah No.14, Shelf No.2 00102ddc4070aMCSbMCScGENd2022-11-22l0o519.2,PEEpMCS34778r2022-11-22w2022-11-22yBKzAlmirah No.14, Shelf No.2